Technologija izgotovlenija predvariteľno napriažennych železobetonnych konstrukcij s naťaženijem armatury na beton. Trudy - naučno issledovateľskij institut betona i železobetona. Vypusk 13.

Uložené v:
Podrobná bibliografia
Médium: Kniha
Jazyk:Russian
Vydané: Moskva : Gosstrojizdat, 1960.
Fyzický popis: 75 strán.
Tagy: Pridať tag
Žiadne tagy, Buďte prvý kto otaguje tento záznam!

MARC

LEADER 00000nam a22000002i 4500
001 000652113
005 20210107125353.0
008 210107s1960 ru e 000 0 rus d
020 |c Kčs 2,65  |q (brožované) 
040 |a SVKKK  |b slo  |c SVKKK  |e rda 
245 0 0 |a Technologija izgotovlenija predvariteľno napriažennych železobetonnych konstrukcij s naťaženijem armatury na beton. Trudy - naučno issledovateľskij institut betona i železobetona. Vypusk 13. 
264 1 |a Moskva :  |b Gosstrojizdat,  |c 1960. 
300 |a 75 strán. 
336 |a text  |b txt  |2 rdacontent 
337 |a bez média  |b n  |2 rdamedia 
338 |a zväzok  |b nc  |2 rdacarrier 
500 |a Záznam revízie 
910 |a svkkk 
998 |a BK 
090 |g SCKHL  |k Sklad Pribinova 2. posch.  |a III.82234  |j 267442  |i 2720758283  |4 Zastaraná  |s Vyradená